Psicomotricidad: prácticas y conceptos
Uloženo v:
| Hlavní autor: | |
|---|---|
| Médium: | Kniha |
| Jazyk: | španělština |
| Vydáno: |
Madrid
Miño y Dávila Editores
2000
|
| Vydání: | 1a. ed |
| Témata: | |
| Tagy: |
Přidat tag
Žádné tagy, Buďte první, kdo vytvoří štítek k tomuto záznamu!
|
MARC
| LEADER | 00000cam a2200000 a 4500 | ||
|---|---|---|---|
| 001 | UCD5529 | ||
| 003 | CL-VaPUC | ||
| 008 | 160915e20000000sp |||||||||||||||||spa|d | ||
| 020 | |a 8495294192 | ||
| 082 | 0 | 4 | |a 370.155 |b BOT |2 21 |
| 100 | 0 | |a Bottini, Pablo |e author |9 589305 | |
| 245 | 1 | 0 | |a Psicomotricidad: prácticas y conceptos |
| 250 | |a 1a. ed | ||
| 300 | |a 249 p | ||
| 942 | |c BK | ||
| 945 | |d 20160915 16:42:00 |a dcastane | ||
| 260 | |a Madrid |b Miño y Dávila Editores |c 2000 | ||
| 650 | 7 | |a EDUCACION PSICOMOTRIZ |2 CL-VaPUC |9 307559 | |
| 650 | 0 | |a Desarrollo mental |9 313003 | |
| 650 | 7 | |a PSICOMOTRICIDAD |2 CL-VaPUC |9 241072 | |
| 650 | 0 | |a Psicología del desarrollo |9 307541 | |
| 583 | |a last modification |c 20160915 16:42:00 |k Rodrigo Vera | ||
| 999 | |c 366183 |d 366181 | ||